| 000 | 00476nam a2200181Ia 4500 | ||
|---|---|---|---|
| 001 | 23599 | ||
| 005 | 20260414150948.0 | ||
| 008 | 260414t2014||||xx |||||||||||||| ||spa|| | ||
| 041 | _aESP | ||
| 082 |
_a670.42 _bK18 V. 1 |
||
| 100 |
_aKalpakjian, Serope _eAUT |
||
| 245 | 0 |
_aManufactura ingeniería y tecnología : _btecnología de materiales |
|
| 260 | _c2014 | ||
| 300 |
_axxviii, 576 páginas : _c27 cm. |
||
| 650 | _aTCA | ||
| 654 | _aCII | ||
| 942 |
_cLIB _dJUS _fJUS _2ddc _n |
||
| 999 |
_c23599 _d23599 |
||